Determinación de parámetros básicos para el diseño de sistemas de absorción con drenaje
Sábháilte in:
| Príomhchruthaitheoir: | |
|---|---|
| Formáid: | LEABHAR |
| Foilsithe / Cruthaithe: |
San José, Costa Rica
1992
|
| Ábhair: | |
| Clibeanna: |
Cuir clib leis
Níl clibeanna ann, Bí ar an gcéad duine le clib a chur leis an taifead seo!
|
MARC
| LEADER | 00000nam a2200000Ia 4500 | ||
|---|---|---|---|
| 003 | 005471 | ||
| 005 | 20221231144321.0 | ||
| 008 | 140114s1992 cr a m 000 ||s d | ||
| 040 | |c cru CEDI | ||
| 090 | |a TFG 2610 | ||
| 100 | |a Vargas Araya, Nestor Martín |9 12373 | ||
| 245 | |a Determinación de parámetros básicos para el diseño de sistemas de absorción con drenaje | ||
| 260 | |c 1992 |a San José, Costa Rica | ||
| 300 | |a iv, [120] hojas : ilustraciones ; 28 cm. | ||
| 500 | |a Tesis (licenciatura en ingenieria civil)--Universidad de Costa Rica. Facultad de Ingeniería. Escuela de Ingenieria Civil | ||
| 650 | |x kSUELOS - ABSORCION Y ADSORCION |x DRENAJE |9 12374 | ||
| 942 | |c TFG | ||
| 999 | |c 20069 |d 20069 | ||
